Dlhodobé bankové úvery v podnikaní

Členenie bankových úverov na krátkodobé a dlhodobé bankové úvery. Účtovanie bankových úverov v sústave podvojného účtovníctva. Účtovanie úrokov. Vykazovanie dlhodobých finančných záväzkov.

Na minha lista:
Detalhes bibliográficos
Autor principal: Pakšiová, Renáta, 1974-
Formato: Capítulo de Livro
Idioma:eslovaco
Assuntos:
Tags: Adicionar Tag
Sem tags, seja o primeiro a adicionar uma tag!

MARC

LEADER 00000naa a2200000 4500
001 0180340
005 20240502073054.0
041 0 |a slo 
044 |a SK 
245 1 0 |a Dlhodobé bankové úvery v podnikaní  |c Renáta Pakšiová 
520 |a Členenie bankových úverov na krátkodobé a dlhodobé bankové úvery. Účtovanie bankových úverov v sústave podvojného účtovníctva. Účtovanie úrokov. Vykazovanie dlhodobých finančných záväzkov. 
610 2 0 |a účtovníctvo podvojné 
610 2 0 |a účtovanie 
610 2 0 |a výkazy finančné 
610 2 0 |a úver bankový 
610 2 0 |a úver dlhodobý 
610 2 0 |a úrok 
610 2 0 |a účty syntetické 
100 1 |a Pakšiová, Renáta, 1974-